[Event "Kuala Lumpur Arena op"]
[Site "Kuala Lumpur"]
[Date "2015.11.13"]
[Round "2"]
[White "Yusof, Muhd Hafiz"]
[Black "Chor, Mohd Ali"]
[Result "0-1"]
[WhiteElo "1444"]
[BlackElo "1906"]
[PlyCount "84"]
[EventDate "2015.11.13"]
[EventType "swiss"]
[EventRounds "7"]
[EventCountry "MAS"]
[SourceTitle "EXT 2017"]
[Source "ChessBase"]
[SourceDate "2016.10.25"]
[SourceVersion "1"]
[SourceVersionDate "2016.10.25"]
[SourceQuality "1"]

1. d4 e6 2. c4 f5 3. Nc3 Nf6 4. e3 b6 5. Nf3 Bb7 6. Be2 Bb4 7. Bd2 0-0 8. a3 Bxc3 9. Bxc3 Ne4 10. Qc2 d6 11. Bd3 Nd7 12. Bxe4 Bxe4 13. Qe2 a5 14. Rg1 c5 15. Nd2 Qh4 16. h3 Bb7 17. 0-0-0 e5 18. Nf3 Qe7 19. Rd2 Ba6 20. b3 cxd4 21. exd4 e4 22. Nh2 d5 23. g4 Qxa3+ 24. Kc2 dxc4 25. bxc4 Qa4+ 26. Kb1 Qb3+ 27. Bb2 Bxc4 28. Qe1 Rac8 29. Rc2 Bd3 30. Ka1 Rxc2 31. Qb1 Bc4 32. Rg3 Bd3 33. Rxd3 exd3 34. gxf5 Rfc8 35. Ng4 Qa4+ 36. Qa2+ R2c4 37. Ba3 Kh8 38. Ne3 d2 39. Qb2 d1Q+ 40. Nxd1 Qxd1+ 41. Qb1 Qa4 42. Kb2 Rc2+ 0-1